Music Quiz

Random Music or Lyrics Quiz

All The Above Quiz Stats

 Plays Quiz not verified by Sporcle

Score 0/181 Timer 20:00
0 Plays Today
Lyrics % Correct
me
90.8%
me
90.8%
me
90.8%
me
90.8%
me
90.8%
you
89.8%
you
89.8%
the
89.8%
the
89.8%
the
89.8%
the
89.8%
the
89.8%
and
89.8%
the
89.8%
the
89.8%
you
89.8%
the
89.8%
you
89.8%
the
89.8%
you
89.8%
and
89.8%
you
89.8%
a
89.8%
the
89.8%
the
89.8%
a
89.8%
and
89.8%
you
89.8%
do
84.7%
when
83.7%
when
83.7%
what
82.7%
see
81.6%
see
81.6%
see
81.6%
at
79.6%
look
79.6%
look
79.6%
look
79.6%
look
79.6%
to
76.5%
to
76.5%
to
76.5%
to
76.5%
to
76.5%
to
76.5%
to
76.5%
in
71.4%
tell
71.4%
all
69.4%
all
69.4%
be
68.4%
be
68.4%
lookin
67.3%
my
65.3%
my
65.3%
from
64.3%
i
64.3%
i
64.3%
i
64.3%
i
64.3%
Lyrics % Correct
i
64.3%
i
64.3%
i
64.3%
i
64.3%
i
64.3%
from
64.3%
from
64.3%
i
64.3%
i
64.3%
i
64.3%
come
62.2%
up
62.2%
come
62.2%
nothin
61.2%
nothin
61.2%
livin
57.1%
love
56.1%
im
55.1%
im
55.1%
im
55.1%
im
55.1%
been
54.1%
top
54.1%
bottom
52%
for
52%
for
52%
for
52%
dreams
50%
it
50%
it
50%
go
49%
how
48%
how
48%
how
48%
how
48%
how
48%
done
46.9%
done
46.9%
this
46.9%
this
46.9%
done
46.9%
really
45.9%
that
45.9%
is
45.9%
that
45.9%
that
45.9%
that
45.9%
destined
45.9%
get
44.9%
but
44.9%
of
44.9%
get
44.9%
but
44.9%
of
44.9%
rich
43.9%
straight
43.9%
hood
43.9%
hood
43.9%
can
43.9%
suffered
42.9%
lot
42.9%
Lyrics % Correct
deserve
41.8%
world
40.8%
eyes
40.8%
now
39.8%
why
39.8%
gon'
39.8%
gon'
39.8%
die
39.8%
rep
38.8%
white
38.8%
hell
38.8%
try
38.8%
was
38.8%
take
38.8%
day
38.8%
take
38.8%
would
37.8%
stop
37.8%
would
37.8%
forever
37.8%
designed
37.8%
built
37.8%
headed
36.7%
block
36.7%
fame
36.7%
hard
36.7%
survive
36.7%
streets
36.7%
till
36.7%
fortune
35.7%
call
35.7%
thats
35.7%
just
35.7%
thats
35.7%
just
35.7%
still
35.7%
greatness
35.7%
john
34.7%
mccain
34.7%
these
34.7%
lie
34.7%
these
34.7%
benz
33.7%
ride
32.7%
gettin
32.7%
part
32.7%
new
31.6%
haters
31.6%
truth
30.6%
hi
30.6%
money
29.6%
rappers
29.6%
mad
29.6%
made
27.6%
finally
26.5%
aint
24.5%
wave
24.5%
going
17.3%
shame
14.3%

You're not logged in!

Compare scores with friends on all Sporcle quizzes.
OR
Log In

Sporcle TV

Today on Sporcle TV


Watch our educational content, quiz creation guides, and fun videos on Sporcle TV.

Show Comments

Extras

Top Quizzes Today


Score Distribution

Your Account Isn't Verified!

In order to create a playlist on Sporcle, you need to verify the email address you used during registration. Go to your Sporcle Settings to finish the process.

Report this User

Report this user for behavior that violates our Community Guidelines.

Details: